| 000 | 00450nam a2200169Ia 4500 | ||
|---|---|---|---|
| 003 | OSt | ||
| 005 | 20260309103128.0 | ||
| 008 | 211028s2011 xx 000 0 und d | ||
| 040 | _cAIMIT LIBRARY | ||
| 041 | _aeng | ||
| 100 |
_aB N, Praveena; Dsiva, Arun. _g81722 _93399 |
||
| 110 |
_aManibhushan Dsouza. _93400 |
||
| 245 | _aInvestment manager / | ||
| 260 |
_aBangalore _c2011 |
||
| 710 |
_aMetricstream Infotech Pvt Ltd _93401 |
||
| 942 |
_2ddc _cPRO |
||
| 999 |
_c217219 _d217219 |
||